【プロ野球】 中日ドラゴンズ 旧応援歌 - Statistics

General Stats
  • This quiz has been taken 48 times
  • The average score is 32 of 41
Answer Stats
応援歌 選手名 % Correct
期待を背に受けて 飛ばせ遠く今放つアーチ 世界を翔けろ 〇〇!ホームラン!  勝負強さ煌めき 〇〇打て ビシエド
97%
そのプレーで セ界一世風靡しろ燦爛と今輝く 一番星よ 遠藤一星
97%
勇む力 踊る鼓動 快音を打ち鳴らして夢奏で沸かすリズム 刻め〇〇 和田一浩
97%
ゲームを創れ 煌めくナイスリードで今日も期待してます 〇〇ファイトだ 谷繁元信
97%
幾千と光る 栄光の軌跡 再びこの地で いざ舞い上がれ 福留孝介
94%
光の速さで突っ走れ ドラマティックにダイヤモンドを駆け抜け 魅せろよ〇〇 井端弘和
94%
全てを賭けてレッツゴー 行くぜ時代のヒーロー 夢に描いた一打を 〇〇〇〇放てよ 森野将彦
94%
勇敢に立ち向かえ 一打にかける想い魅せろ 放て 頼むぞ〇〇 堂上直倫
91%
お前がゆく道 一振りにかけて 上昇気流に乗せて 花道咲かせろよ 堂上直倫
91%
今この時 お前が駆け抜ける 道は一筋 輝け〇〇 大島洋平
91%
青き大空に今、勝利の華を 輝くその翼で 示せよ〇〇 オイ!オイ!〇〇! オイ!オイ!そーれ! 京田陽太
89%
鍛えた技で 魅せろ力の限り新たな時代へと 今スタート 阿部寿樹
89%
走れ大地を蹴り 突き進むスピード夢掴む一打を 〇〇決めろ 荒木雅博
89%
気高く走り出せ 恐れ知らぬ突き進め勝利目指す 〇〇は超特急 高松渡
86%
強く逞しい 頼れるナイスガイ巧みなその一振りで 栄光へ進め アルモンテ
86%
チームを勝利へ誘え 全力プレーでLet's go〇〇 行こうぜ 歓喜の瞬間へと 平田良介
86%
強い風に立ち向かえ 永遠の伝説となれ 熱く走れ〇〇 そのスピードで 英智
86%
生まれ持つ野球センス 今ここで見せろ気迫では負けはしない 〇〇〇〇 行け我らの〇〇 闘志燃やし飛び立て お前のバットで決めてやれ 中日の若大将 すわこそゆけの命に 気迫のフルスイング 凱歌が上がるスタンド バックスクリーンへ 燃える決意は 渾身の力を込め 運べスタンドへ 待ってるぞ〇〇 冴える闘志は 会心の一打を呼べ 光るグラウンドを 駆け抜けろ〇〇 立浪和義
86%
翼広げ 舞い立て鮮やかに 我らの歓声 受けて翔け 加藤翔平
83%
強肩武器に 強気で攻めろ息吹け 〇〇〇〇 大野奨太
83%
雄々しく構えた その姿迷いなく振れ 〇〇〇〇 福田永将
83%
あの空に光る 頂きを目指し 勝利への道を今 行くぞ!〇〇  エルナンデス
83%
終わりなき旅 永遠に進み行けよ気合込めて挑め 我が道を信じて 中島宏之
80%
シャープな打撃魅せろ 闘志燃やせ右へ左へ飛ばせ狙い定めて 輝け 羽ばたけ 〇〇〇〇 野本圭
77%
蒼く光るスタンドへ 敵を砕く一撃を 神と我等と歩むべき 真の道を 突き進め 龍の如くいざ挑め 今だここで見せろ 蒼き闘志たぎらせて  敵を怯ませる一打 放て遥か彼方 ブランコ
74%
遥か感激の空へ 大きく唸りを上げて燃える拳に誓い込め 飛ばせ〇〇それ〇〇 高く遠くまで飛ばせ みんなの希望をのせて 桜吹雪の道をゆく 〇〇 〇〇 それ〇〇 井上一樹
74%
遥か連なり 愛織り成す光栄光へと導け その強肩で 桂依央利
71%
光舞う風の道 拓け君の脚で 咲かせ夢を 翔けろ明日を 〇〇ここから 勝利のアーチをかけろ スピード生かして攻めろ我らの想いのせて 輝く明日へ 藤井淳志
71%
〇〇 飛ばせアーチを描いて スタンドへ 〇〇 見せろメジャーのパワーでホームラン ゲレーロ
71%
荒波を乗り越えて 宿す力 渾身の一撃を 奮い出せ 中村紀洋
71%
闘志をこめた そのフルスイング 一振りで放てよ 誰より強く 小笠原道大
69%
明日の夢を掴め 俊足巧打でゆけ韋駄天の伝説となれ 走れ〇〇 亀澤恭平
66%
竜の血が騒ぐ お前の見つめる目差し 〇〇〇〇 勝利へ導け 堂上剛裕
66%
努力の末に掴んだ チャンス活かして名を上げろ今立ち向かう勝負に負けるな 打ち勝て 闘志を燃やせ 松井雅人
63%
そうだ迷わず 思い切り踏み込め群がる敵を倒す一撃 吠えろ〇〇 関川浩一
63%
焼ける大地に 泥にまみれた 男のロマンを このまぶたに描け 中村武志
57%
勝利につながる一打 期待して鋭く触れ〇〇 決めてくれ 小池正晃
54%
鋭い一振り グランドに嵐呼べ誰にも負けない闘志 この一番で 渡邉博幸
51%
それ ここは任せた つなぎの野球に徹して一つ一つ積み重ねて 〇〇ヒットマン 川相昌弘
49%
男の意地だ狙え 見せろ快打をお前が決めてみせろ 闘志を燃やせ 大西崇之
37%
光と影の中を 誇らしく進んでいけFly high!もっと高く 飛び上がれよ〇〇 神野純一
37%
No matching quizzes found
Score Distribution
Percent of People with Each Score
Percentile by Number Answered
Your Score History
You have not taken this quiz